KOHA-Header-6

The Marketing of Nations (Record no. 9381)

000 -LEADER
fixed length control field 00243nam a2200109Ia 4500
020 ## - INTERNATIONAL STANDARD BOOK NUMBER
ISBN 9780684834887
100 ## - MAIN ENTRY--AUTHOR NAME
Personal name Philip Kotler
245 #4 - TITLE STATEMENT
Title The Marketing of Nations
260 ## - PUBLICATION, DISTRIBUTION, ETC. (IMPRINT)
Place of publication New Jersey
Name of publisher Prentice Hall
Year of publication 2001
300 ## - PHYSICAL DESCRIPTION
Number of Pages 296
942 ## - ADDED ENTRY ELEMENTS (KOHA)
Koha item type Books
Holdings
Withdrawn status Lost status Collection code Permanent Location Current Location Shelving location Date acquired Full call number Accession Number Koha item type
    Marketing MAJU MAJU   2019-09-14 658.8 5052 Marketing

Powered by Koha